Les francs-macons russes du XXe siècle (Record no. 56476)

MARC details
000 -LEADER
campo de control de longitud fija 01527aam a2200445 i 4500
001 - NÚMERO DE CONTROL
campo de control MOR01000056677
005 - FECHA Y HORA DE LA ÚLTIMA TRANSACCIÓN
campo de control 20260417013102.0
007 - CAMPO FIJO DE DESCRIPCIÓN FÍSICA--INFORMACIÓN GENERAL
campo de control de longitud fija ta
008 - DATOS DE LONGITUD FIJA--INFORMACIÓN GENERAL
campo de control de longitud fija 971110s1990 fr g bi 001 0dfre d
020 ## - NÚMERO INTERNACIONAL ESTÁNDAR DEL LIBRO
Número Internacional Estándar del Libro 2-88250-016-5
035 ## - NÚMERO DE CONTROL DEL SISTEMA
Número de control de sistema 972714
040 ## - FUENTE DE CATALOGACIÓN
Centro catalogador/agencia de origen mxcmmo
Lengua de catalogación spa
Normas de descripción rda
Centro/agencia transcriptor mxcmmo
041 1# - CÓDIGO DE IDIOMA
Código de lengua del texto/banda sonora o título independiente fre
Código de lengua original rus
043 ## - CÓDIGO DE ÁREA GEOGRÁFICA
Código de área geográfica e-ur---
045 ## - PERIODO DE TIEMPO DEL CONTENIDO
Código de periodo de tiempo x0x6
082 04 - NÚMERO DE LA CLASIFICACIÓN DECIMAL DEWEY
Número de clasificación 366.1
Número de ítem BER.f
100 1# - ENTRADA PRINCIPAL--NOMBRE DE PERSONA
Nombre de persona Berberova, Nina
Fechas asociadas al nombre 1901-
Término indicativo de función/relación autor
9 (RLIN) 101976
245 14 - MENCIÓN DEL TÍTULO
Título Les francs-macons russes du XXe siècle
Resto del título : des hommes et des loges/
Mención de responsabilidad, etc. Nina Berberova ; tr. du russe par Alexandra Pletnioff-Boutin
264 ## - PRODUCCIÓN, PUBLICACIÓN, DISTRIBUCIÓN, FABRICACIÓN Y COPYRIGHT
Nombre del de productor, editor, distribuidor, fabricante Actes Sud,
Fecha de producción, publicación, distribución, fabricación o copyright 1990.
264 #1 - PRODUCCIÓN, PUBLICACIÓN, DISTRIBUCIÓN, FABRICACIÓN Y COPYRIGHT
Producción, publicación, distribución, fabricación y copyright Francia :
Nombre del de productor, editor, distribuidor, fabricante Les Editions Noir Sur Blanc,
Fecha de producción, publicación, distribución, fabricación o copyright 1990.
300 ## - DESCRIPCIÓN FÍSICA
Extensión 270 páginas;
Dimensiones 24 cm
336 ## - TIPO DE CONTENIDO
Término de tipo de contenido texto
Código de tipo de contenido txt
Fuente rdacontent
337 ## - TIPO DE MEDIO
Nombre/término del tipo de medio sin medio
Código del tipo de medio n
Fuente rdamedia
338 ## - TIPO DE SOPORTE
Nombre/término del tipo de soporte volumen
Código del tipo de soporte nc
Fuente rdacarrier
500 ## - NOTA GENERAL
Nota general Incluye índice
500 ## - NOTA GENERAL
Nota general Tradución de: Liudi i lozhi : russkie masony 20 stoletiia
504 ## - NOTA DE BIBLIOGRAFÍA, ETC.
Nota de bibliografía, etc. Nota Bibliografía: páginas 233-251
650 #7 - PUNTO DE ACCESO ADICIONAL DE MATERIA--TÉRMINO DE MATERIA
Término de materia o nombre geográfico como elemento de entrada Francmasones
Subdivisión geográfica Unión Soviética
9 (RLIN) 101977
700 2# - ENTRADA AGREGADA--NOMBRE PERSONAL
Nombre de persona Pletnioff-Boutin, Alexandra
Término indicativo de función/relación traductor
9 (RLIN) 101978
900 ## - ELEMENTOS DE DATOS A LOCAL, LDA (RLIN)
Nombre de persona ALEPH14
Numeración Verónica Silva
Títulos y otros términos asociados al nombre 20061103
Lenguaje de la obra MOR01
-- 1049
900 ## - ELEMENTOS DE DATOS A LOCAL, LDA (RLIN)
Nombre de persona BATCH-UPD
Numeración 00
Títulos y otros términos asociados al nombre 20120323
Lenguaje de la obra MOR01
-- 1743
900 ## - ELEMENTOS DE DATOS A LOCAL, LDA (RLIN)
Nombre de persona BATCH-UPD
Numeración 40
Títulos y otros términos asociados al nombre 20120321
Lenguaje de la obra MOR01
-- 1705
900 ## - ELEMENTOS DE DATOS A LOCAL, LDA (RLIN)
Nombre de persona BATCH
Numeración 00
Títulos y otros términos asociados al nombre 20120322
Lenguaje de la obra MOR01
-- 1727
900 ## - ELEMENTOS DE DATOS A LOCAL, LDA (RLIN)
Nombre de persona DYNIX
Numeración 00
Títulos y otros términos asociados al nombre 20030304
Lenguaje de la obra MOR01
-- 1721
900 ## - ELEMENTOS DE DATOS A LOCAL, LDA (RLIN)
Nombre de persona VOBO
Numeración 40
Títulos y otros términos asociados al nombre 20100217
Lenguaje de la obra MOR01
-- 1229
904 ## - ELEMENTOS DE DATOS D LOCAL, LDD (RLIN)
a UPDATE
942 ## - ELEMENTOS DE ENTRADA SECUNDARIOS (KOHA)
Código de la institución [OBSOLETO] BK
901 ## - ELEMENTOS DE DATOS A LOCAL LDA (RLIN)
a batch batch
Holdings
Estatus retirado Estado de pérdida Fuente del sistema de clasificación o colocación Estado de daño No para préstamo Colección Biblioteca de origen Biblioteca actual Ubicación en estantería Fecha de adquisición Fuente de adquisición Número de inventario Total de préstamos Signatura topográfica completa Código de barras Visto por última vez Precio de reemplazo Tipo de ítem Koha
    Clasificación Decimal Dewey     Libros (General) Biblioteca Instituto Mora Biblioteca Instituto Mora Regular 10/11/1997   82189   (G)/366.1 BER.f 33291000893442 03/09/2024 03/09/2024 Libro préstamo regular